Counties by Letter: Q - Statistics

General Stats
  • This quiz has been taken 14 times
  • The average score is 3 of 5
Answer Stats
State County % Correct
New York Queens
90%
Georgia Quitman
50%
Mississippi Quitman
50%
New Mexico Quay
40%
Maryland Queen Anne's
40%
No matching quizzes found
Score Distribution
Percent of People with Each Score
Percentile by Number Answered
Your Score History
You have not taken this quiz